Black Metal Bands - Statistics

General Stats
  • This quiz has been taken 1,599 times
  • The average score is 9 of 16
Answer Stats
Hint Answer % Correct
Song: Freezing Moon Mayhem
94%
Album: Transylvanian Hunger Darkthrone
86%
Album: Hvis Lyset Tar Oss Burzum
82%
Album: Panzer Division Marduk Marduk
77%
Album: Anthems to the Welkin at Dusk Emperor
71%
Album: Hammerheart Bathory
70%
Song: Withstand the Fall of Time Immortal
69%
Album: Under the Sign of Hell Gorgoroth
57%
Album: Dusk... And Her Embrace Cradle of Filth
55%
Album: Nemisis Divana Satyricon
51%
Song: Spellbound (By the Devil) Dimmu Borgir
50%
Song: Circle of the Tyrants Celtic Frost
49%
Song: The Arrival of Satan's Empire Dark Funeral
40%
Album: Casus Luciferi Watain
34%
Album: Below The Lights Enslaved
31%
Song: Desecration of Souls Mercyful Fate
21%
No matching quizzes found
Score Distribution
Percent of People with Each Score
Percentile by Number Answered
Your Score History
You have not taken this quiz